Ensino de geografia (Record no. 60682)

MARC details
000 -LÍDER
campo de controle de tamanho fixo 00333 a2200145 4500
001 - NÚMERO DE CONTROLE
campo de controle 60682
020 ## - ISBN - INTERNATIONAL STANDARD BOOK NUMBER
ISBN - International Standard Book Number 8587063405
040 ## - FONTE DA CATALOGAÇÃO
Instituição que transcreveu o registro Anchieta - Pituba
100 ## - ENTRADA PRINCIPAL--NOME PESSOAL
Nome pessoal Castrogiovanni, Antonio Carlos
240 10 - TÍTULO UNIFORME
Título uniforme Ensino de geografia
Idioma da obra por
245 10 - TÍTULO
Título Ensino de geografia
300 ## - DESCRIÇÃO FÍSICA
Extensão 169
650 #4 - ASSUNTO--TERMO TÓPICO
Cabeçalho tópico ou nome geográfico Geografia e viagens
942 ## - ELEMENTOS DE ENTRADA ADICIONADOS (KOHA)
Tipo de material Koha Livros
Holdings
Situação do descarte Situação das perdas Situação física Não pode ser emprestado Biblioteca de origem Biblioteca atual Data de aquisição Total de empréstimos Número de chamada completo Código de barras Data de último acesso Data do preço efetivo Tipo de material Koha
        Colégio Anchieta - Pituba Colégio Anchieta - Pituba 21/11/2023   910 E59e ENS 12435/PIT 21/11/2023 21/11/2023 Livros